000 00497pab a2200169 454500
008 180718b1985 xxu||||| |||| 00| 0 eng d
100 _aUmapathy, N.
245 _aRecruitment to public services: Candidates reactions to interviews as a technique of selection to public services
260 _c1985
300 _ap.1279-1296.
362 _aOct-Dec
650 _aRecruiting - India
650 _aPersonnel
773 _aIndian Journal of Public Administration
908 _aN
909 _a15014
999 _c15014
_d15014